000 00424nam a22001697a 4500
003 OSt
005 20140310182211.0
008 130906t xxu||||| |||| 00| 0 eng d
020 _a1841198307
050 _aGV 1493
_b.C323 2003
082 _aHS 793.73
_bC24 2003
100 _aCarter, Philip;
_916309
245 _aIQ puzzles :
_cPhilip Carter.
300 _a112 p. :
_bill. :
_c23 cm
942 _2lcc
_cHS
999 _c10460
_d10460